000 00242nam a2200097Ia 4500
008 230915s9999 xx 000 0 und d
050 _aQD 65 .W43 1988
100 _aROBERT C.WEAST
245 0 _aHANDBOOK OF CHEMISTRY AND PHYSICS
942 _cBK
999 _c190269
_d190269